New Girl Trivia - Statistics

General Stats
  • This quiz has been taken 3,866 times
  • The average score is 6 of 16
Answer Stats
Hint Answer % Correct
What movie does Jess watch over and over? Dirty Dancing
78%
___ Jar Douchebag
74%
Who did Nick date for 4 years? Caroline
70%
Where did Winston play basketball? Latvia
67%
1, 2, 3 ,4 JFK ___ FDR
64%
"Gave me _____, got you ____" cookie
62%
How long have Schmidt and Nick lived together? 10 years
55%
__ __ whatcha doin? Hey girl
47%
Future Nick tells Nick to make Jess an __________ oldfashioned
31%
"____ ____ makes me slutty!" pink wine
25%
Jess' word for horny twirly
17%
Two ___ Johnson Boobs
14%
What does Nick say after kissing Jess in Cooler? I meant something like that
14%
"Autocorrect changed body to ____" meatbar
14%
What contract makes Schmidt have to kiss Jess? No Nail Oath
8%
What's Jess' one rule? Don't steal my yarn
6%
No matching quizzes found
Score Distribution
Percent of People with Each Score
Percentile by Number Answered
Your Score History
You have not taken this quiz